Vplyv zadlženia vládneho sektora na saldo platobnej bilancie v krajinách eurozóny

Analýza výskytu tzv. dvojitej "twin" krízy v krajinách eurozóny v období rokov 1999-2010. Prejavy dvojitej krízy, analýza. Teoretické východiská. Použitá metodológia. Ekonomické zhodnotenie empirickej analýzy.

Guardado en:
Detalles Bibliográficos
Autor principal: Vojtková, Mária
Formato: Capítulo de libro
Lenguaje:eslovaco
Materias:
Etiquetas: Agregar Etiqueta
Sin Etiquetas, Sea el primero en etiquetar este registro!

MARC

LEADER 00000naa$a2200000$$$4500
001 0145292
005 20240502083335.8
041 0 |a slo 
044 |a CZ 
245 1 0 |a Vplyv zadlženia vládneho sektora na saldo platobnej bilancie v krajinách eurozóny  |c Mária Vojtková 
520 |a Analýza výskytu tzv. dvojitej "twin" krízy v krajinách eurozóny v období rokov 1999-2010. Prejavy dvojitej krízy, analýza. Teoretické východiská. Použitá metodológia. Ekonomické zhodnotenie empirickej analýzy. 
610 2 0 |a kríza 
610 2 0 |a sektor verejný 
610 2 0 |a zadlženosť 
610 2 0 |a bilancia platobná 
610 2 0 |a analýzy 
610 2 0 |a eurozóna 
610 2 0 |a 1999-2010 
100 1 |a Vojtková, Mária